Vista normal
Vista MARC
Entrada Materia (personas)
Número de registros utilizados en: 6
001 - CONTROL NUMBER
- control field: 29311
003 - CONTROL NUMBER IDENTIFIER
- control field: Co-BoUCM
005 - DATE AND TIME OF LATEST TRANSACTION
- control field: 20130219092559.0
008 - FIXED-LENGTH DATA ELEMENTS
- fixed length control field: 130219|| aca||aabn | a|a d
040 ## - CATALOGING SOURCE
- Original cataloging agency: Co-BoUCM
- Transcribing agency: Co-BoUCM
100 ## - HEADING--PERSONAL NAME
- Personal name: Carroll, Noël
- Dates associated with a name: 1947-
670 ## - SOURCE DATA FOUND
- Source citation: Work cat.: (Co-BoUCM)65124: Carroll, Noël 1947-, Filosofía del terror o paradojas del corazón, 2005.